Indemnización a las víctimas del delito / (Record no. 11242)

000 -CABECERA
fixed length control field 00929nam a22002417a 4500
003 - IDENTIFICADOR DEL NÚMERO DE CONTROL
control field AR-CdUCM
008 - DATOS DE LONGITUD FIJA--INFORMACIÓN GENERAL
fixed length control field 190403b ||||| |||| 00| 0 spa d
040 ## - FUENTE DE LA CATALOGACIÓN
Agencia/entidad que catalogó originalmente la obra MUNICIPALIDAD PROVINCIAL DEL CUSCO
Entidad que transcribió la catalogación BIBLIOTECA MUNICIPAL DEL CUSCO
082 ## - NÚMERO DE LA CLASIFICACIÓN DECIMAL DEWEY
No. de Clasificación 344.6 /
Notacion interna G25 / 1892
100 ## - ENTRADA PRINCIPAL--NOMBRE DE PERSONA
Nombre Personal Garofalo, R.
245 ## - MENCIÓN DE TÍTULO
Título Indemnización a las víctimas del delito /
260 ## - PUBLICACIÓN, DISTRIBUCIÓN, ETC.
Lugar de publicación, distribución, etc. Madrid :
Nombre de la editorial, distribuidor, etc. La España moderna,
Fecha de publicación, distribución, etc. [1892].
300 ## - DESCRIPCIÓN FÍSICA
Nº de Páginas Extensión 172 páginas ;
Dimensiones 24 cm.
440 ## - MENCIÓN DE SERIE/PUNTO DE ACCESO ADICIONAL--TÍTULO
Título Biblioteca de jurisprudencia, filosofía e historia ;
9 (RLIN) 28511
505 ## - NOTA DE CONTENIDO CON FORMATO
Nota de contenido formateada Contenido: Criterios de la reparación en la legislación contemporánea -- La reparación, como un sucedáneo de la pena -- La indemnización a favor de las victimas del delito ...
650 ## - PUNTO DE ACCESO ADICIONAL DE MATERIA--TÉRMINO DE MATERIA
Descriptor Reparación civil
9 (RLIN) 28512
650 ## - PUNTO DE ACCESO ADICIONAL DE MATERIA--TÉRMINO DE MATERIA
Descriptor Derecho penal
9 (RLIN) 5831
700 ## - PUNTO DE ACCESO ADICIONAL--NOMBRE DE PERSONA
Nombre Personal Dorado Montero, P.
9 (RLIN) 28513
942 ## - ELEMENTOS DE PUNTO DE ACCESO ADICIONAL (KOHA)
Fuente de clasificación
Tipo de item Libros-BMC
945 ## - PROCESAMIENTO DE INFORMACIÓN LOCAL (OCLC)
Catalogador acv
Holdings
Estado de retiro (separado) Fuente de clasificación o esquema de estanterías Estado dañado Ubicación Sala donde se ubica Nombre de la colección Fecha de adquisición o compra Costo, precio normal en soles Signatura topográfica Código de Barras Última vez visto (Koha) Tipo de ítem (Koha)
No     Sala Cusco Antiguo Sala Cusco Antiguo Book Cart 2019-04-03 80.00 344.6 / G25 / 1892 SCA0001311 2019-04-03 Libros-BMC

Powered by Koha